[Event "Satka Autumn op (Women)"]
[Site "Satka"]
[Date "2022.09.01"]
[Round "3"]
[White "Bragina, Anna"]
[Black "Pogorelskikh, Sofia"]
[Result "0-1"]
[WhiteElo "1634"]
[BlackElo "2105"]
[PlyCount "126"]
[EventDate "2022.08.30"]
[EventType "swiss"]
[EventRounds "9"]
[EventCountry "RUS"]
[SourceTitle "CBM 210 Extra"]
[Source "ChessBase"]
[SourceDate "2022.11.30"]
[SourceVersion "1"]
[SourceVersionDate "2022.11.30"]
[SourceQuality "1"]

1. d4 Nf6 2. c4 e6 3. Nf3 d5 4. g3 dxc4 5. Bg2 a6 6. Ne5 Bb4+ 7. Nc3 Nd5 8. Bd2 Nb6 9. a3 Be7 10. Bf4 0-0 11. 0-0 N8d7 12. Rc1 Nxe5 13. dxe5 Qxd1 14. Rfxd1 Rb8 15. Nb1 Bd7 16. Nd2 Ba4 17. Re1 Bb5 18. Be3 Rfc8 19. a4 Bxa4 20. Nxc4 Nxc4 21. Rxc4 Bb3 22. Rc3 Bd5 23. Rec1 c6 24. Bb6 Bxg2 25. Kxg2 Bd8 26. Rb3 Bxb6 27. Rxb6 g6 28. Rc3 c5 29. Rcb3 c4 30. R3b4 Rc5 31. f4 c3 32. bxc3 Rxc3 33. Rxb7 Rxb7 34. Rxb7 Rc2 35. Kf2 a5 36. Ra7 Ra2 37. Kf3 a4 38. e3 a3 39. h4 Ra1 40. g4 a2 41. Kg2 Kf8 42. e4 h5 43. gxh5 gxh5 44. f5 Ke8 45. Kh2 Kd8 46. Kg2 Kc8 47. Kh2 Kb8 48. Ra3 Kb7 49. Kg2 Kb6 50. f6 Kc5 51. Ra7 Kd4 52. Ra5 Ke3 53. Ra3+ Kf4 54. Ra5 Kg4 55. Ra3 Kxh4 56. Kh2 Kg4 57. Kg2 Kf4 58. Ra5 h4 59. Kh2 h3 60. Ra4 Kxe5 61. Ra5+ Kxe4 62. Ra3 Ke5 63. Re3+ Kxf6 0-1